Paradise lost. Books I and II

Guardat en:
Dades bibliogràfiques
Autor principal: Milton, John (autor)
Format: Llibre
Idioma:anglès
Publicat: Londres George G. Harrap & Co 1956
Col·lecció:Harrap's English Classics
Matèries:
Etiquetes: Afegir etiqueta
Sense etiquetes, Sigues el primer a etiquetar aquest registre!

MARC

LEADER 00000nam a2200000 a 4500
001 UCQ0346
003 CL-VaPUC
008 980627e19560000UK |||||||||||||||||eng|d
082 0 4 |a 821  |b MIL  |2 21 
100 |a Milton, John  |e autor  |9 337433 
245 1 0 |a Paradise lost. Books I and II 
300 |a 210 p 
942 |c BK 
945 |d 19980627 00:00:00  |a crobeson 
260 |a Londres  |b George G. Harrap & Co  |c 1956 
650 0 |a Poesías inglesas  |9 265094 
650 0 |a Literatura inglesa  |9 312907 
583 |a last modification  |c 19980627 00:00:00  |k Rodrigo Vera 
490 0 |a Harrap's English Classics 
999 |c 271482  |d 271480 
952 |0 0  |1 0  |4 0  |6 821_000000000000000_MIL_1956  |7 0  |8 A  |9 306149  |a BIBEDU  |b BIBEDU  |d 2019-11-20  |i 1423959  |l 1  |o 821 MIL 1956  |p 1423959  |r 2024-04-25  |s 2024-04-17  |w 2019-11-20  |y BK  |k LIT